COMUNISMO CIENTIFICO: DICCIONARIO/

Guardado en:
Bibliografiske detaljer
Hovedforfatter: Afanasiev, V. (autor)
Format: Bog
Udgivelse:2a edición
Fag:
Tags: Tilføj Tag
Ingen Tags, Vær først til at tagge denne postø!

MARC

LEADER 00000nam^a2200000^a^4500
001 000221354
005 20250521000000.0
009 20260310103915.346
035 |a 032580 
037 |a Acervo Xavier Clavigero 
082 |a 335. 403  |b COM 
100 |a Afanasiev, V.  |e (autor) 
245 1 0 |a COMUNISMO CIENTIFICO:  |b DICCIONARIO/  |c V.G. AFANASIEV ...[ ET. AL.] 
250 |a 2a edición 
264 |a MOSCU :  |b PROGRESO,  |c 1985 
300 |a 405p. 
336 |a texto  |b txt  |2 rdacontenido 
337 |a sin mediación  |b n  |2 rdamedio 
338 |a volumen  |b nc  |2 rdasoporte 
649 |a XX 
650 |a Comunismo -  |x Enciclopedias y Diccionarios 
910 |a Fondo General 
920 |a Impresos - Libros 
930 |a Obras de Referencia 
905 |a 102 
901 |a 032580  |b IT2  |c REF  |i 032580  |u 20250521 
902 |a https://opac.biblio.iteso.mx/vufind/Record/000221354